Score 0/54 Timer 05:00
0 Plays Today
% Correct
★ OVEN ★
92.9%
BATH
92.4%
BATS
91.4%
CATS
89.9%
★ LIME ★
88.9%
BACH
88.8%
CAPS
88%
DOES
87.4%
★ CUPS ★
86.8%
BOND
81.8%
LISP
80.9%
LIST
80.6%
★ BOWL ★
78.8%
EYES
78.8%
LAND
78.6%
DUES
77.3%
★ SOUR ★
77.1%
LIMP
76.9%
CUES
75.4%
★ INCH ★
74.6%
ITCH
74.1%
LINE
74%
LONE
73.2%
EACH
73.2%
SOUS
72.9%
DOER
72.8%
PAST
71.9%
% Correct
BIND
71.3%
BOWS
71.1%
ETCH
70.2%
LOUD
68.8%
OVER
68.2%
★ RIND ★
67.3%
DOUR
66.6%
★ BAKE ★
66.6%
RAND
66.3%
ROWS
66.2%
LAUD
65.9%
★ ZEST ★
64.8%
LOUS
63.7%
POST
62.7%
LEST
62%
BASE
61.2%
★ POUR ★
61%
RYES
60.8%
EVER
59.9%
LONS
59.3%
EYER
58.8%
ROES
54.5%
BAST
53.6%
POUT
53.1%
LOUR
47.3%
BOLL
46.9%
BOLD
46.8%

Today's Daily Dose

Remove Ads.
Support Sporcle.
Get the best of Sporcle when you Go Orange. This ad-free experience offers more features, more stats, and more fun while also helping to support Sporcle. Thank you for becoming a member.

You're not logged in!

Compare scores with friends on all Sporcle quizzes.
OR
Log In

Show Comments

Extras

Top Quizzes Today


Score Distribution

Your Account Isn't Verified!

In order to create a playlist on Sporcle, you need to verify the email address you used during registration. Go to your Sporcle Settings to finish the process.

Report this User

Report this user for behavior that violates our Community Guidelines.

Details: